000 00713nam a22002537a 4500
001 BR9002077
003 BR-BrBNA
005 20230928093436.0
007 ta
008 230509b bl.||||| |||| 00| 0 por d
040 _aBR-BrBNA
_bpor
_cBiblioteca Nacional de Agricultura
041 _a(Eng, Por)
072 _aH60
090 _ H60 BR9002077
100 1 _aAlbergone, N.
110 1 _aCentro Nacional de Pesquisa de Soja, Londrina, PR (Brasil)
_91793
245 1 _aControle biologico de plantas daninhas [Bibliografia]
260 3 _aLondrina, PR (Brasil):
_c1986.
300 _a10 p.
650 _aERVA DANINHA
650 _aCONTROLE BIOLOGICO
909 _a202309
_bLucia
_c55
_dLucia Elande
942 _cBK
999 _c45017
_d45017